000 00317nam a2200133Ia 4500
008 230724s2023 xx 000 0 und d
041 _aeng
082 _a328.1/MUD
100 _aRohini Mudholkar
245 _aPolitical Theories
250 _a2019 Ed
260 _aPUNE
_bHIND LAW HOUSE,
_c2023
300 _a1-1072p.
999 _c751140
_d751140